000 00732cam a22002411 4500
001 sa 67003485
003 DLC
005 20260227112338.0
008 841211s1967 ii b 000 0 eng
010 _asa 67003485
025 _aPL480:I-E-7459
035 _a(OCoLC)11481018
040 _aDLC
_cNcWsW
_dDLC
042 _apremarc
050 0 0 _aJS7008
_b.K456
082 _a352/.0009/54
100 1 _aKhanna, R. L.
_q(Rattan Lal)
245 1 0 _aMunicipal government and administration in India,
_cby R.L. Khanna. With foreword by P.N. Bhalla.
260 _aChandigarh,
_bMohindra Capital Publishers
_c[1967]
300 _aviii, 212 p.
_c23 cm.
504 _aBibliographical footnotes.
650 0 _aMunicipal government
_zIndia.
999 _c73869
_d73869